书目信息 |
| 题名: |
体育场地施工技术百问
|
|
| 作者: | 李麟 编著 | |
| 分册: | ||
| 出版信息: | 北京 中国建筑工业出版社 2007.09 |
|
| 页数: | 16, 337页 | |
| 开本: | 21cm | |
| 丛书名: | 工程建设百问丛书 | |
| 单 册: | ||
| 中图分类: | TU245.1 | |
| 科图分类: | ||
| 主题词: | 场地 (体育)--chang di(ti yu)--工程施工--基本知识 | |
| 电子资源: | ||
| ISBN: | 978-7-112-09261-1 | |
| 000 | 00940nam 2200265 450 | |
| 001 | 012008859725 | |
| 005 | 20080113165624.39 | |
| 010 | @a978-7-112-09261-1@dCNY19.00 | |
| 100 | @a20080113d2007 em y0chiy0120 ea | |
| 101 | 0 | @achi |
| 102 | @aCN@b110000 | |
| 105 | @aak a 000yy | |
| 106 | @ar | |
| 200 | 1 | @a体育场地施工技术百问@Ati yu chang di shi gong ji shu bai wen@f李麟编著@Fli lin bian zhu |
| 210 | @a北京@c中国建筑工业出版社@d2007.09 | |
| 215 | @a16, 337页@c图@d21cm | |
| 225 | 2 | @a工程建设百问丛书@Agong cheng jian she bai wen cong shu |
| 320 | @a有书目 (第337页) | |
| 330 | @a本书是一本体育场地建设施工操作技术的图书,包括田径场地、足球、篮球、排球、网球、棒球、垒球、曲棍球以及。球等。 | |
| 410 | 0 | @12001 @a工程建设百问丛书 |
| 606 | 0 | @a场地 (体育)@Achang di(ti yu)@x工程施工@x基本知识 |
| 690 | @aTU245.1@v4 | |
| 701 | 0 | @a李麟@Ali lin@4编著 |
| 801 | 0 | @aCN@bQSSK@c20080113 |
| 905 | @b277821-23@dTU245.1@eL205@f3 | |
| 体育场地施工技术百问/李麟编著.-北京:中国建筑工业出版社,2007.09 |
| 16, 337页:图;21cm.-(工程建设百问丛书) |
| ISBN 978-7-112-09261-1:CNY19.00 |
| 本书是一本体育场地建设施工操作技术的图书,包括田径场地、足球、篮球、排球、网球、棒球、垒球、曲棍球以及。球等。 |
| ● |
| 相关链接 |
|
|
|
正题名:体育场地施工技术百问
索取号:TU245.1/L205
 
预约/预借
| 序号 | 登录号 | 条形码 | 馆藏地/架位号 | 状态 | 备注 |
| 1 | 277821 | 202778217 | 建筑库101/101建筑库 104排3列3层/ [索取号:TU245.1/L205] | 在馆 | |
| 2 | 277822 | 202778226 | 建筑库101/101建筑库 104排3列3层/ [索取号:TU245.1/L205] | 在馆 | |
| 3 | 277823 | 202778235 | 建筑库101/101建筑库 104排3列3层/ [索取号:TU245.1/L205] | 在馆 |